000 00850nas a2200265 4500
001 BR0203830
003 BR-BrBNA
005 20231205103133.0
007 ta
008 230509b bl.|||p| |||| 00| 00por d
040 _aBR-BrBNA
_bpor
_cBiblioteca Nacional de Agricultura
041 _a(Pt)
072 _aF30; F50
100 1 _aBrito, C.J.F.A. de
100 1 _aDeschamps, F.C.
245 1 _aCaracterização anatômica em diferentes frações de cultivares de Capim-elefante (Pennisetum purpureum Schumach.)
650 _aCAPIM ELEFANTE
650 _aANATOMIA VEGETAL
650 _aVARIEDADE
650 _aLIGNINA
650 _aSANTA CATARINA
773 0 _tRevista Brasileira de Zootecnia (Brazil)
_xISSN 1516-3598
_g(Sep-Oct 2001), v. 30(5) p. 1409-1417
_wBR0203830
909 _a202311
_bLúcia
_c55
_dLúcia Elande
942 _2AGRIS
_n0
_cANA
999 _c171285
_d171285